Vista normal
Vista MARC
- Liderazgo Maya para el nuevo tiempo : De las antiguas ciudades al nuevo poder local /
Entrada Nombre de reunión
Número de registros utilizados en: 1
001 - NÚMERO DE CONTROL
- campo de control: 7051
003 - IDENTIFICADOR DE NÚMERO DE CONTROL
- campo de control: OSt
005 - FECHA Y HORA DE LA ÚLTIMA TRANSACCIÓN
- campo de control: 20240223161112.0
008 - ELEMENTOS DE DATO DE LONGITUD-FIJA
- campo de control de longitud fija: 240223|| aca||aabn | a|a d
040 ## - FUENTE DE CATALOGACIÓN
- Centro catalogador/agencia de origen: OSt
- Centro/agencia transcriptor: OSt
111 ## - ENCABEZAMIENTO--NOMBRE DE CONGRESO/REUNIÓN
- Nombre de congreso/reunión o jurisdicción como elemento de entrada: Liderazgo Maya para el nuevo tiempo : De las antiguas ciudades al nuevo poder local /
- Sede del congreso/Lugar de la reunión: Santa Cruz del Quiché, Quiché. Guatemala
670 ## - FUENTE DE DATOS ENCONTRADOS
- Cita de la fuente: Work cat.: (OSt)2383: 13 al 15 de junio 2011 7049, Liderazgo Maya para el nuevo tiempo : , c 2011.

